[Event "XV South American-ch Open U20 2019"]
[Site "Asuncion"]
[Date "2019.05.12"]
[Round "3.10"]
[White "Mayeregger, Arnold"]
[Black "Cosme Contreras, Trilce"]
[Result "1-0"]
[WhiteElo "1913"]
[BlackElo "2051"]
[Annotator "NA RC"]
[PlyCount "59"]
[EventDate "2019.05.11"]
[EventType "swiss"]
[EventCountry "PAR"]
[SourceTitle "playchess.com"]
[Source "ChessBase"]
[SourceQuality "1"]
[TimeControl "5400+30"]

1. d4 Nf6 2. c4 g6 3. Nc3 Bg7 4. e4 d6 5. f3 O-O 6. Be3 Nfd7 7. Qd2 {E81: King's Indian: Sämisch: 6th move deviations (including 6 Be3 c6)} c5 8. d5 Qa5 9. h4 (9. Bh6 Bxh6 10. Qxh6 b5 11. h4 bxc4 12. h5 Nf6 13. O-O-O Qb4 14. e5 dxe5 15. d6 e6 16. Nh3 Nbd7 17. Ng5 Rb8 18. Rd2 {1-0 (18) Wang,H (2722)-Zhou,J (2652) Danzhou 2010}) 9... h5 10. Nge2 $146 ({Predecessor:} 10. Bh6 Bxc3 11. bxc3 Rd8 12. g4 Nf6 13. gxh5 Nxh5 14. Ne2 Nd7 {1-0 (38) Tudor,V (1400)-Dumitrescu,F (2084) ICCF email 2009}) 10... Ne5 11. Nc1 a6 12. Be2 Bd7 13. Rg1 b5 14. g4 hxg4 15. fxg4 bxc4 16. h5 Rc8 17. Bh6 Bh8 18. Rh1 Qd8 19. Qf4 Qe8 $2 ({Better is} 19... Bf6 $11) 20. Qh2 (20. hxg6 $18 fxg6 21. Bg5) 20... f6 21. hxg6 Nxg6 (21... Qxg6 $16 {was called for.} 22. Bf4 Bg7) 22. Be3 (22. Bxc4 $18 Qf7 23. Be2) 22... Qf7 23. Bxc4 Qg7 24. Be2 Kf7 25. Nd3 Rg8 26. Qh5 a5 27. Nf4 Na6 28. Ne6 Bxe6 29. dxe6+ Ke8 30. Qd5 $18 1-0

[Event "XV South American-ch Open U20 2019"]
[Site "Asuncion"]
[Date "2019.05.12"]
[Round "3.11"]
[White "Avalos Sanabria, Augusto Alfredo"]
[Black "Gomez Barrera, Gonzalo Andres"]
[Result "0-1"]
[WhiteElo "1474"]
[BlackElo "2058"]
[Annotator "NA RC"]
[PlyCount "80"]
[EventDate "2019.05.11"]
[EventType "swiss"]
[EventCountry "PAR"]
[SourceTitle "playchess.com"]
[Source "ChessBase"]
[SourceQuality "1"]
[TimeControl "5400+30"]

1. d4 Nf6 2. Nf3 g6 3. Bf4 Bg7 4. c4 O-O 5. e3 d6 6. h3 Nfd7 7. Nc3 e5 {E61: King's Indian: Early deviations for White, including Smyslov System} 8. Bh2 Re8 (8... exd4 9. exd4 Nc6 10. Be2 Re8 11. O-O Nb6 12. b3 a6 13. Qd2 Bf5 14. Rad1 d5 15. c5 Nc8 16. Qf4 Re7 17. Rfe1 N8a7 18. Bf1 Rxe1 19. Rxe1 {1-0 (31) Ivanchuk,V (2781)-Svidler,P (2738) Moscow 2008}) 9. dxe5 $146 ({Predecessor:} 9. Be2 e4 10. Nd2 f5 11. Qb3 Nf6 12. O-O-O b6 13. g4 Nc6 14. Rdg1 Na5 15. Qc2 {0-1 (48) Akshayraj,K (2300)-Kononenko,D (2449) Denizli 2003}) 9... dxe5 10. Be2 c6 11. Ne4 Qe7 12. Nd6 Rd8 13. Ne4 Nc5 14. Qc2 Bf5 15. Nfd2 Rxd2 16. Qxd2 Nxe4 17. Qa5 b6 18. Qa4 Nc5 19. Qa3 Nd3+ 20. Bxd3 Qxa3 21. bxa3 Bxd3 22. O-O-O e4 23. f3 Na6 24. fxe4 Bxe4 25. Rhg1 Nc5 26. Bd6 Nd3+ 27. Kd2 Rd8 28. Be7 Rd7 29. Bg5 Nf2+ 30. Ke2 Rxd1 31. Kxf2 Rxg1 32. Kxg1 Bf8 33. a4 Bd3 34. Bf6 Bxc4 35. Bc3 Bxa2 36. a5 b5 37. Kf2 b4 38. Bd4 b3 39. Ke2 c5 40. Bb2 Bg7 0-1

[Event "XV South American-ch Open U20 2019"]
[Site "Asuncion"]
[Date "2019.05.12"]
[Round "3.12"]
[White "Ayala Ruiz, Miguel Angel"]
[Black "Orrego Palermo, Marcelo"]
[Result "1-0"]
[WhiteElo "1444"]
[BlackElo "1632"]
[Annotator "NA RC"]
[PlyCount "91"]
[EventDate "2019.05.11"]
[EventType "swiss"]
[EventCountry "PAR"]
[SourceTitle "playchess.com"]
[Source "ChessBase"]
[SourceQuality "1"]
[TimeControl "5400+30"]

1. e4 d5 2. exd5 Qxd5 3. Nc3 Qd6 4. d4 Nf6 5. Nf3 a6 6. Bc4 b5 7. Bb3 Bb7 8. O-O e6 9. Bg5 Nbd7 10. Qe2 c5 11. dxc5 Qxc5 12. Rad1 Bd6 13. Bxe6 fxe6 14. Qxe6+ Be7 15. Bxf6 Nxf6 16. Ne5 Rf8 17. Rd7 Bc8 18. Rxe7+ Qxe7 19. Qc6+ Nd7 20. Nxd7 Qxd7 21. Qxa8 Kf7 22. Qd5+ Qxd5 23. Nxd5 Be6 24. Nc7 Bxa2 25. b3 Rc8 26. Nxa6 Rxc2 27. Nb4 Rb2 28. Nxa2 Rxa2 29. Rb1 b4 30. g4 Kf6 31. Kg2 Rc2 32. Re1 Rb2 33. Re3 h6 34. Kg3 Rb1 35. Kf4 Rb2 36. Rf3 Re2 37. Kg3+ Kg6 38. Rf4 h5 39. h3 hxg4 40. hxg4 Rb2 41. Rxb4 Kf6 42. Rf4+ Ke5 43. b4 g6 44. f3 Rb1 45. Re4+ Kf6 46. Kf4 1-0

[Event "XV South American-ch Open U20 2019"]
[Site "Asuncion"]
[Date "2019.05.13"]
[Round "4.1"]
[White "Zambrano Acebo, Jean Junior"]
[Black "Cantero, Rodolfo"]
[Result "1/2-1/2"]
[WhiteElo "2174"]
[BlackElo "2059"]
[Annotator "TA"]
[PlyCount "109"]
[EventDate "2019.05.11"]
[EventType "swiss"]
[EventCountry "PAR"]
[SourceTitle "playchess.com"]
[Source "ChessBase"]
[SourceQuality "1"]

{[%evp 9,109,16,22,-19,32,-70,-73,-67,-74,-66,-7,0,0,0,0,-11,0,0,-13,-19,-7,-20,-12,-1,0,0,0,0,0,0,0,0,0,0,9,8,18,-32,-32,-32,50,0,0,0,0,0,0,0,0,0,0,0,0,0,0,0,35,29,44,35,37,33,36,18,10,0,0,0,0,0,0,0,0,0,0,0,0,0,0,0,0,0,0,0,0,0,0,0,0,0,0,0,0,0,0,0,0,0,0,0,0,0]} 1. e4 e5 2. Nf3 Nc6 3. d4 exd4 4. Nxd4 Nf6 5. Nxc6 bxc6 6. Qe2 {C45: Scotch Game} (6. e5 Qe7 7. Qe2 Nd5 8. c4 Nb6 9. Nc3 a5 10. Bd2 g6 11. Ne4 Bg7 12. Nf6+ Kd8 13. O-O-O Ba6 14. Qg4 Kc8 15. Bxa5 h5 16. Qg3 h4 17. Qg4 Qxe5 {½-½ (38) Radjabov,T (2756)-Topalov,V (2740) Shamkir 2019}) 6... d5 (6... Rb8 $11) 7. Bg5 (7. exd5+ $14 Be7 8. dxc6) 7... Be7 $15 8. Bxf6 $146 {Black is better.} ({Predecessor:} 8. Nd2 O-O 9. O-O-O Rb8 10. f3 Re8 11. Nb3 h6 12. Be3 Bd6 13. Bxa7 Ra8 {0-1 (27) Kantans,T (2509)-Kjartansson,G (2428) Batumi 2018}) 8... Bxf6 9. exd5+ Qe7 (9... Kf8 $15 10. Nc3 cxd5) 10. Nc3 Bxc3+ 11. bxc3 cxd5 12. Qxe7+ Kxe7 13. O-O-O Be6 14. Bb5 c5 15. Rhe1 Rad8 16. f4 g6 17. Bc6 d4 18. cxd4 cxd4 19. Re5 Rd6 20. Ba4 Kf6 21. Bb3 Bf5 22. Ra5 a6 23. Bc4 Rc8 24. Bd3 Bg4 (24... Bxd3 $15 25. Rxd3 Rdc6) 25. Re1 Be6 26. Ree5 Bc4 {[#] Hoping for ...Bxd3.} 27. Bxc4 Rxc4 $11 {[%mdl 4096] Endgame KRR-KRR} 28. Rec5 Rb4 29. a3 Rbb6 30. Rd5 Re6 31. Rxd4 Re2 32. Rg5 Rc6 33. Rd2 Re1+ 34. Kb2 Rb6+ 35. Ka2 Reb1 {[%csl Gb1][%cal Rb6b2] [#]} 36. c4 Rc1 {The position is equal.} 37. c5 Rb5 38. Rb2 Rbxc5 39. Rb6+ Rc6 40. Rxc6+ Rxc6 {KR-KR} 41. Kb3 h6 42. Rd5 Re6 43. g3 Re2 44. Rd6+ Kf5 45. Rxa6 Rxh2 46. Rc6 Kg4 47. Rc3 g5 48. fxg5 hxg5 49. a4 {[%cal Ba3a4,Ba4a5,Ba5a6][%mdl 32]} f5 50. a5 f4 51. gxf4 gxf4 52. a6 f3 {And now ...f2 would win.} 53. Kb4 Rb2+ 54. Ka5 f2 55. Rc1 {Accuracy: White = 76%, Black = 67%.} 1/2-1/2

[Event "XV South American-ch Open U20 2019"]
[Site "Asuncion"]
[Date "2019.05.13"]
[Round "4.2"]
[White "Zapata Charles, Santiago"]
[Black "Estrada Lavin, Cristian Alexand"]
[Result "1-0"]
[WhiteElo "2322"]
[BlackElo "2116"]
[Annotator "TA"]
[PlyCount "49"]
[EventDate "2019.05.11"]
[EventType "swiss"]
[EventCountry "PAR"]
[SourceTitle "playchess.com"]
[Source "ChessBase"]
[SourceQuality "1"]

{[%evp 9,49,7,6,0,47,28,34,33,26,26,40,37,47,50,74,42,58,43,77,73,64,58,98,52,112,110,155,124,117,125,125,104,173,175,230,228,224,230,206,193,220,239]} 1. e4 c5 2. Nf3 e6 3. c3 Nf6 4. Bd3 Nc6 5. Bc2 (5. O-O d5 6. e5 Nd7 7. Bb5 a6 8. Bxc6 bxc6 9. d3 Be7 10. Re1 O-O 11. c4 f6 12. exf6 Bxf6 13. Nc3 {1-0 (37) Rapport,R (2715)-Lenderman,A (2600) Reykjavik 2018}) 5... Be7 6. O-O {B40: Sicilian: 2...e6, Unusual lines} e5 7. Re1 O-O 8. h3 {White is slightly better.} d6 9. d4 cxd4 10. cxd4 Qb6 $146 {[%cal Re5d4]} ({Predecessor:} 10... Bd7 11. Nc3 Rc8 12. Be3 a6 13. Qe2 Re8 14. Rad1 Qc7 15. Bb1 Na5 16. Bg5 Be6 17. dxe5 dxe5 18. Nd5 Bxd5 19. exd5 Nc4 20. Rc1 e4 21. Nd2 b5 22. b3 {1-0 (22) Nurkic,S (2372)-Radic,B (2179) Tuzla 2015}) 11. d5 Nb8 12. Nbd2 Nbd7 13. b3 Re8 14. Nc4 Qc7 15. a4 Bf8 16. Ba3 Rb8 ({Black should play} 16... b6 $14) 17. Rc1 $16 a5 18. Bb1 {And now Nxd6 would win.} Nc5 19. Bxc5 $1 Qxc5 20. Ncxe5 Qa7 (20... Qb4 $16 {might work better.}) 21. Nc4 $36 {[%mdl 2048] White is clearly better. White has strong initiative.} b5 (21... Bd7 {was worth a try.} 22. Qd4 b6) 22. axb5 Rxb5 23. Nd4 Rc5 24. Nc6 Qc7 {[#]} 25. Qd2 $1 {Accuracy: White = 67%, Black = 41%.} 1-0

[Event "XV South American-ch Open U20 2019"]
[Site "Asuncion"]
[Date "2019.05.13"]
[Round "4.3"]
[White "Munoz, Francisco Javier"]
[Black "Aguilar, Luis Miguel"]
[Result "1-0"]
[WhiteElo "2308"]
[BlackElo "2193"]
[Annotator "TA"]
[PlyCount "147"]
[EventDate "2019.05.11"]
[EventType "swiss"]
[EventCountry "PAR"]
[SourceTitle "playchess.com"]
[Source "ChessBase"]
[SourceQuality "1"]

{[%evp 17,147,49,49,15,51,51,52,44,81,78,73,53,53,46,59,45,46,30,75,73,68,33,73,57,55,2,47,39,60,42,123,78,81,62,77,14,178,178,190,190,185,154,160,161,178,165,184,184,184,184,184,183,190,190,190,190,190,190,190,178,190,190,186,183,183,176,239,176,186,186,195,183,186,186,207,207,289,207,310,368,662,647,672,658,635,633,691,660,687,700,699,692,676,676,676,380,188,0,699,693,683,691,669,632,2006,1564,2001,1955,1360,882,842,842,977,0,1535,789,874,780,779,624,1632,1675,1658,1623,2614,2596,2802,2613,3764,3684,29977,29978]} 1. e4 d6 2. d4 Nf6 3. Nc3 Nbd7 4. Nf3 e5 5. Bc4 Be7 6. a4 c6 7. O-O O-O 8. h3 Qc7 9. Re1 h6 10. a5 {[%cal Ba4a5,Ba5a6][%mdl 32] C41: Philidor Defence} Rd8 (10... Re8 11. Be3 Nf8 12. Bb3 Be6 13. Ba4 Red8 14. Qd3 Ng6 15. b4 d5 16. exd5 Nxd5 17. Nxd5 Bxd5 {1-0 (30) Guseinov,G (2664)-Maslak,K (2555) St Petersburg 2018}) 11. Be3 Nf8 12. d5 {White is slightly better.} c5 13. a6 $146 ({Predecessor:} 13. Bf1 Bd7 14. Nd2 Ng6 15. g3 Qc8 {1-0 (39) Gavric,M (2365)-Pavlovic,R Kladovo 1991}) 13... b6 14. Bb5 Bd7 {next ...Nxe4 is good for Black.} 15. Qd3 Ng6 16. Bxd7 Qxd7 17. Nd2 Nh5 18. Qb5 Qc8 19. Nc4 Nf6 20. Red1 Ne8 21. Kh2 (21. b4 $14) 21... Rb8 22. Qa4 Nf8 23. g3 Bf6 (23... Nh7 $14) 24. Nb5 Qd7 25. c3 Be7 26. f4 (26. f3 $16) 26... f6 $2 (26... exf4 $11 {and Black has nothing to worry.} 27. gxf4 (27. Bxf4 Ng6 $14) 27... Nf6) 27. f5 $18 Rdc8 28. Qb3 Ra8 29. g4 Nc7 30. Nxc7 Rxc7 31. Na3 Rcc8 32. Kg3 Qe8 33. c4 Nh7 34. h4 Kf7 35. Kf3 Qd7 36. Rg1 Rg8 37. Rg2 Rh8 38. Qb5 Qc7 39. Rag1 Qc8 40. Nb1 Qe8 41. Nc3 Rg8 (41... Qxb5 $142 42. Nxb5 (42. cxb5 Bd8 $16) 42... Rhc8) 42. Ke2 Rd8 43. Qb3 Qd7 44. Kd3 Qc8 45. Qa4 Qd7 46. Nb5 Ra8 47. Bd2 Rab8 (47... Kf8 $142 48. Qd1 Rh8) 48. Qd1 Ra8 $2 {[#]} (48... Rh8 49. Rh1 Kg8) 49. g5 $1 {[%mdl 512]} fxg5 50. Qh5+ Kf8 51. Qg6 Rh8 52. hxg5 Nxg5 {Now ...Bf6 and Black clings on.} 53. Rh1 {[%cal Rd2g5]} (53. Bxg5 hxg5 54. f6 Bxf6 $11) 53... Rg8 {[#]} 54. Rxh6 $1 {[%mdl 576] Demolition} gxh6 55. Qxh6+ Kf7 56. Qh5+ ({Weaker is} 56. Rxg5 Bxg5 57. Bxg5 Rxg5 $18) 56... Kf8 {intending ...Qd8.} 57. Qh6+ $2 (57. Bxg5 Bxg5 58. Rxg5 Rxg5 59. Qxg5) 57... Kf7 $1 58. Bxg5 Bxg5 59. Rxg5 Rxg5 60. Qxg5 {[%mdl 4096] Endgame Black must now prevent Qg6+. KQR-KQN} Rf8 61. Qg6+ Ke7 62. Qg7+ Rf7 63. Qg8 Rf8 64. Qg6 Rf6 65. Qg7+ (65. Qh7+ $142 Ke8 66. Nc7+ Kd8 67. Ne6+ Rxe6 68. Qxd7+ Kxd7 69. dxe6+ Ke7 70. Kc3) 65... Rf7 66. Qg5+ Ke8 67. Qg6 Ke7 68. Qe6+ Qxe6 69. dxe6 {KR-KN} Rh7 70. Nxa7 Rh1 71. Nc8+ Kf6 72. a7 Ra1 73. e7 Kf7 74. f6 {Accuracy: White = 57%, Black = 34%.} 1-0

[Event "XV South American-ch Open U20 2019"]
[Site "Asuncion"]
[Date "2019.05.13"]
[Round "4.4"]
[White "Heinechen, Juan"]
[Black "Suarez, Pedro"]
[Result "1-0"]
[WhiteElo "2123"]
[BlackElo "2077"]
[Annotator "TA"]
[PlyCount "61"]
[EventDate "2019.05.11"]
[EventType "swiss"]
[EventCountry "PAR"]
[SourceTitle "playchess.com"]
[Source "ChessBase"]
[SourceQuality "1"]

{[%evp 9,61,7,9,-9,5,0,3,0,0,-43,-9,-33,-38,-27,-30,-19,0,-28,-23,-40,-3,-14,15,27,31,21,45,50,153,164,170,154,177,134,248,239,330,372,448,452,424,414,1284,1231,1426,1408,1500,553,615,629,752,759,1114,1093]} 1. e4 e6 2. Qe2 c5 3. g3 Nc6 4. c3 Nf6 5. Bg2 Be7 6. Nf3 {C00: French: Unusual White 2nd moves} O-O 7. O-O d5 8. e5 {The position is equal.} Nd7 9. d3 (9. d4 a5 10. Rd1 a4 11. h4 b5 12. Ng5 b4 13. a3 bxc3 14. bxc3 {1-0 (47) Kobalia,M (2620)-Morozevich,A (2656) Tula 2019}) 9... a6 10. h4 b5 11. Bf4 Bb7 $146 ({Predecessor:} 11... Qb6 12. Nbd2 Rb8 13. h5 Rd8 14. Rfd1 Nf8 15. Rab1 c4 16. dxc4 bxc4 {½-½ (77) Ivanova,T (2112)-Smyshliaeva,L (1725) Irkutsk 2010}) 12. Nbd2 Nb6 13. Ng5 h6 14. Nh3 Qe8 15. Nf3 Rd8 16. d4 cxd4 17. cxd4 Rd7 18. Rad1 f6 (18... Bd8 $14) 19. exf6 $16 Bxf6 20. Rfe1 Kh8 21. g4 ({Don't do} 21. Qxe6 $6 Re7 $14) 21... Qg6 (21... Rdf7 $16) 22. g5 $18 hxg5 23. hxg5 Be7 24. Nh4 Qh7 25. Qg4 Nd8 (25... Bc8 $142 26. Bg3 Rdd8) 26. Bf1 {White is clearly winning.} g6 27. Bd3 Rf5 {[#]} 28. Bxf5 (28. Rxe6 $142 $3 {[%mdl 512]} Nxe6 {[#]} 29. Nxg6+ $1 {[%mdl 512]} Kg8 30. Bxf5) 28... exf5 29. Qg3 Nc4 30. b3 Nd6 {[#]} 31. Rxe7 $1 {[%mdl 512] Accuracy: White = 44%, Black = 24%.} 1-0

[Event "XV South American-ch Open U20 2019"]
[Site "Asuncion"]
[Date "2019.05.13"]
[Round "4.5"]
[White "Vazquez, Facundo"]
[Black "Benitez Galeano, Alejandro"]
[Result "1/2-1/2"]
[WhiteElo "2086"]
[BlackElo "2052"]
[Annotator "NA RC"]
[PlyCount "105"]
[EventDate "2019.05.11"]
[EventType "swiss"]
[EventCountry "PAR"]
[SourceTitle "playchess.com"]
[Source "ChessBase"]
[SourceQuality "1"]
[TimeControl "5400+30"]

{[%evp 21,105,14,31,32767,52,37,53,54,73,70,66,78,93,32767,32767,32767,85,103,101,32767,119,96,132,129,131,138,124,109,115,67,68,-32,-24,-28,-20,-62,-60,-67,32767,-111,-76,-93,-106,-104,32767,-121,-78,-250,-248,-239,-181,32767,-23,-39,68,90,282,24,27,0,25,26,14,-27,32767,8,0,0,0,0,0,0,0,0,0,0,0,0,0,0,0,0,0,0,0,0]} 1. d4 {[%emt 0:00:30]} Nf6 {[%emt 0:08:30]} 2. c4 {[%emt 0:00:30]} g6 {[%emt 0:01:30]} 3. g3 {[%emt 0:00:30]} Bg7 {[%emt 0:00:30]} 4. Bg2 {[%emt 0:00:30]} O-O {[%emt 0:00:30]} 5. Nc3 {[%emt 0:00:30]} d6 {[%emt 0:00:30]} 6. Nf3 {[%emt 0:00:30]} Nbd7 {[%emt 0:00:30]} 7. O-O {[%emt 0:00:30]} e5 {[%emt 0:00:30]} 8. e4 {[%emt 0:00:30]} exd4 {[%emt 0:00:30]} 9. Nxd4 {[%emt 0:00:30]} Re8 {[%emt 0:00:30]} 10. h3 {[%emt 0:00:30]} Nc5 {[%emt 0:01:30]} 11. Re1 {[%emt 0:00:30]} c6 {[%emt 0:04:30]} 12. Qc2 {[%emt 0:03:30]} a5 {[%emt 0:02:30]} 13. Be3 {[%emt 0:01:30]} Qc7 {[%emt 0:05:30]} 14. Rad1 {[%emt 0:02:30]} Be6 {[%emt 0:02:30]} 15. b3 {[%emt 0:12:30]} Rad8 {[%emt 0:02:30]} 16. a3 {[%emt 0:02:30]} Qe7 {[%emt 0:16:30]} 17. f4 {[%emt 0:04:30]} Bc8 {[%emt 0:05:30]} 18. Bf2 {[%emt 0:01:30] E69: King's Indian: Fianchetto: 6...Nbd7 7 0-0 e5 8 e4 c6 9 h3} h5 $146 {[%emt 0:02:30]} ({Predecessor:} 18... Nfd7 19. Re2 Qf6 20. Red2 h5 21. Nde2 Bf8 22. b4 {½-½ (24) Neckar,L (2425)-Pekarek,A (2335) Prague 1983}) 19. b4 {[%emt 0:07:30]} axb4 {[%emt 0:00:30]} 20. axb4 {[%emt 0:00:30]} Ne6 {[%emt 0:01:30]} 21. Nf3 {[%emt 0:09:30]} Nd7 {[%emt 0:01:30]} 22. Nd5 {[%emt 0:08:30]} Qf8 {[%emt 0:02:30]} 23. Nb6 {[%emt 0:04:30]} Qe7 {[%emt 0:02:30]} 24. Nxc8 {[%emt 0:01:30]} Rxc8 {[%emt 0:00:00]} 25. Qd2 {[%emt 0:00:30]} Rcd8 {[%emt 0:03:00]} 26. g4 {[%emt 0:02:30]} (26. b5 $16) 26... hxg4 {[%emt 0:02:30]} 27. hxg4 {[%emt 0:00:30]} g5 $1 {[%emt 0:01:30]} 28. Nxg5 {[%emt 0:09:30]} Nxg5 {[%emt 0:00:30]} 29. fxg5 {[%emt 0:00:00]} Ne5 {[%emt 0:00:30]} 30. Bh4 {[%emt 0:02:00]} Rd7 {[%emt 0:04:30]} ({Worse is} 30... Nxg4 31. Qf4 $16) 31. Qe2 {[%emt 0:04:30]} Ra8 {[%emt 0:03:30]} 32. Kh1 {[%emt 0:04:44]} Ng6 {[%emt 0:04:30]} 33. Qf2 {[%emt 0:02:58]} Qe6 {[%emt 0:00:30]} 34. Bf3 $2 {[%emt 0:01:44]} (34. Bg3 $17) 34... Qxc4 {[%emt 0:01:01]} 35. Bg3 {[%emt 0:00:58]} Qxb4 {[%emt 0:01:27]} 36. e5 {[%emt 0:00:13]} Re8 {[%emt 0:06:43]} (36... d5 $19 37. e6 Re7) 37. exd6 {[%emt 0:01:28]} Red8 {[%emt 0:01:07]} ({Black should try} 37... Be5 $1 $15) 38. Be4 {[%emt 0:01:27]} Ne5 $2 {[%emt 0:03:35] [#]} (38... Be5 $16) 39. Rb1 $2 {[%emt 0:03:18]} (39. Qh2 $1 $18 Ng6 40. Bf5) 39... Qxd6 {[%emt 0:00:46]} 40. Qh2 {[%emt 0:00:26]} Re8 {[%emt 0:01:40]} 41. Qh7+ {[%emt 0:02:21]} Kf8 {[%emt 0:00:01]} 42. g6 {[%emt 0:00:38]} Qc5 43. Rf1 {[%emt 0:01:07]} Qe3 44. gxf7 Nxf7 45. Rxf7+ Rxf7 46. Bd6+ {[#]} Ree7 $1 47. Bxe7+ Rxe7 48. Qf5+ Kg8 49. Qh7+ Kf7 50. Qg6+ Kg8 51. Qh7+ Kf8 52. Qf5+ $1 Kg8 $11 53. Qh7+ 1/2-1/2

[Event "XV South American-ch Open U20 2019"]
[Site "Asuncion"]
[Date "2019.05.13"]
[Round "4.6"]
[White "Donoso Diaz, Sebastian"]
[Black "Mayeregger, Arnold"]
[Result "1-0"]
[WhiteElo "2251"]
[BlackElo "1913"]
[Annotator "ChessBase"]
[PlyCount "91"]
[EventDate "2019.05.11"]
[EventType "swiss"]
[EventCountry "PAR"]
[SourceTitle "playchess.com"]
[Source "ChessBase"]
[SourceQuality "1"]
[TimeControl "5400+30"]

1. d4 Nf6 2. c4 e6 3. Nf3 Bb4+ 4. Bd2 c5 5. g3 b6 6. Bxb4 cxb4 7. Bg2 Bb7 8. O-O O-O 9. a3 bxa3 10. Nxa3 d6 11. Nb5 a6 12. Nc3 Nbd7 13. d5 e5 14. Nd2 Ne8 15. e4 a5 16. Bh3 Nc5 17. Qe2 Bc8 18. Bxc8 Qxc8 19. f4 f6 20. Nb5 Qd8 21. b4 axb4 22. Na7 Nc7 23. Nc6 Qd7 24. Nxb4 Rxa1 25. Rxa1 Ra8 26. Rxa8+ Nxa8 27. Nc6 Nc7 28. Nb1 g6 29. fxe5 fxe5 30. Nc3 N7a6 31. Qb2 Nd3 32. Qxb6 Nac5 33. Qb8+ Kg7 34. Nd8 Qe7 35. Nd1 Nc1 36. Nf2 Ne2+ 37. Kg2 Nd4 38. Nc6 Nxc6 39. dxc6 Ne6 40. Qb7 Kf8 41. h4 Ke8 42. Qc8+ Kf7 43. Ng4 Qc7 44. Qb7 Ke8 45. Ne3 Kd8 46. Nd5 1-0

[Event "XV South American-ch Open U20 2019"]
[Site "Asuncion"]
[Date "2019.05.13"]
[Round "4.7"]
[White "Gimenez Aguirre, Alejo Ismael"]
[Black "Allo Collante, Enrique"]
[Result "1-0"]
[WhiteElo "2247"]
[BlackElo "1595"]
[Annotator "RC"]
[PlyCount "49"]
[EventDate "2019.05.11"]
[EventType "swiss"]
[EventCountry "PAR"]
[SourceTitle "playchess.com"]
[Source "ChessBase"]
[SourceQuality "1"]
[TimeControl "5400+30"]

1. e4 c6 2. d4 d5 3. e5 Bf5 4. Ne2 e6 5. c3 Nd7 6. Nf4 h6 7. Nd2 Ne7 8. b4 a5 9. a3 Nc8 10. Bb2 Ndb6 11. Rc1 axb4 12. cxb4 Na4 13. Ba1 Be7 14. Nb3 Bg5 15. Qd2 Na7 16. Na5 Qe7 17. h4 Bxf4 18. Qxf4 Rc8 19. g4 Bg6 20. Rh3 f6 21. h5 Bh7 22. exf6 gxf6 23. Qxh6 b6 24. Nxc6 Nxc6 25. Rxc6 1-0

[Event "XV South American-ch Open U20 2019"]
[Site "Asuncion"]
[Date "2019.05.13"]
[Round "4.8"]
[White "Araoz Andrade, Ivan Alexander"]
[Black "Coro, Lucas"]
[Result "0-1"]
[WhiteElo "1843"]
[BlackElo "2315"]
[Annotator "TA"]
[PlyCount "92"]
[EventDate "2019.05.11"]
[EventType "swiss"]
[EventCountry "PAR"]
[SourceTitle "playchess.com"]
[Source "ChessBase"]
[SourceQuality "1"]

{[%evp 9,106,16,18,14,11,18,18,18,16,16,15,18,17,20,19,16,12,12,25,15,32,0,0,-46,-54,-45,-30,-46,-44,-41,-49,-116,-79,-101,-80,-89,-85,-116,-40,-51,-14,-6,-25,-83,-56,-52,-42,-76,-58,-62,-34,-39,-47,-62,-27,-33,-45,-54,-67,-191,-175,-191,-179,-179,-162,-195,-195,-195,-195,-299,-195,-200,-193,-196,-175,-341,-263,-1415,-307,-285,0,-1454,-1435,-29987,-29988,-29990,-29991,-29994,-29995,-29995,-29996,-29996,-29995,-29995,-29996,-29998,-29998,-29998,-29999]} 1. e4 c5 2. Nf3 Nc6 3. Bb5 g6 4. O-O Bg7 5. Nc3 e5 6. a3 {B31: Sicilian: 2...Nc6 3 Bb5 g6} Nge7 7. b4 d6 8. bxc5 {The position is equal.} dxc5 9. d3 O-O 10. Bc4 h6 11. h3 $146 ({Predecessor:} 11. Re1 Kh7 12. Nd5 Be6 13. Nxe7 Qxe7 14. Bd5 Nd4 {1-0 (41) Karjakin,S (2767)-Radjabov,T (2745) Stavanger 2013}) 11... Bd7 12. Re1 Rc8 13. a4 Kh7 14. Rb1 b6 15. Bb2 Na5 16. Nb5 Nxc4 17. dxc4 Nc6 $1 18. Nc3 Nd4 19. Ra1 f5 20. Nh2 (20. Nd2 $15) 20... Bc6 21. f3 Rf7 22. Nd5 Rb8 23. Qd2 f4 (23... Qd7 $17 24. Bxd4 cxd4) 24. Reb1 Rfb7 (24... h5 {looks sharper.} 25. Qd1 Qd7 26. c3 Ne6 27. a5 b5) 25. Bxd4 cxd4 26. Nb4 (26. Ng4 $11 {remains equal.}) 26... Be8 27. Nf1 Bf8 28. Nd5 g5 29. g4 Bc5 30. Kg2 a5 31. Qd3 Kg7 32. Nd2 Bc6 33. Kh2 Qd7 34. Qb3 {[#]} (34. Nb3 $15) 34... h5 $1 {[%mdl 512]} 35. Kg2 (35. gxh5 Rh8) 35... Rh8 36. Rh1 Rbb8 37. Qa2 Rh6 38. Qb3 Kg6 39. Kf1 (39. Qd3 {was necessary.}) 39... Qd6 ({Less strong is} 39... hxg4 40. fxg4 Rbh8 41. Nf3 $17) 40. Kg2 Bd7 41. Qd3 Rbh8 42. Qb3 $2 (42. Nb3) 42... Kf7 43. Qa2 $2 (43. Qd3) 43... Be6 $2 (43... hxg4 {[%cal Rh6h3]} 44. Kf1 gxf3) 44. Qb3 $19 Bd7 $2 (44... Kg7 45. Qd3 Bd7) 45. Qa2 $1 hxg4 46. hxg4 {[#]} Rxh1 {Played: Bd7xg4} 0-1

[Event "XV South American-ch Open U20 2019"]
[Site "Asuncion"]
[Date "2019.05.13"]
[Round "4.8"]
[White "Araoz Andrade, Ivan Alexander"]
[Black "Coro, Lucas"]
[Result "*"]
[WhiteElo "1843"]
[BlackElo "2315"]
[Annotator "TA"]
[PlyCount "24"]
[EventDate "2019.05.11"]
[EventType "swiss"]
[EventCountry "PAR"]
[SourceTitle "playchess.com"]
[Source "ChessBase"]
[SourceQuality "1"]

{[%evp 9,24,16,21,15,17,11,11,9,10,10,10,10,22,16,25,8,59]} 1. e4 c5 2. Nf3 Nc6 3. Bb5 g6 4. O-O Bg7 5. Nc3 e5 6. a3 {B31: Sicilian: 2...Nc6 3 Bb5 g6} Nge7 7. b4 d6 8. bxc5 dxc5 9. d3 O-O 10. Bc4 h6 11. h3 $146 ({Predecessor:} 11. Re1 Kh7 12. Nd5 Be6 13. Nxe7 Qxe7 14. Bd5 Nd4 {1-0 (41) Karjakin,S (2767)-Radjabov,T (2745) Stavanger 2013}) 11... Bd7 12. Re1 Re8 (12... b6 $11) *